Disney Zoology Quiz Stats

 Plays Quiz Updated Apr 19, 2020

Support Sporcle.
Go Orange.
Score 0/25 Timer 05:00
9 Plays Today
Animal % Correct
Hummingbird (Archilochus colubris)
93%
Goose (Chen caerulescens)
92.2%
Beaver (Castor canadensis)
92%
Chipmunk (Tamias minimus)
91.1%
Seahorse (Hippocampus)
90.9%
Cricket (Gryllidae)
89.5%
Donkey (Equus africanus asinus)
89.5%
Bat (Chiroptera)
88.7%
Lightning Bug (Lampyridae)
88.6%
Ostrich (Struthio camelus)
87.9%
Llama (Lama glama)
85.1%
Wolf (Canis lupis)
84.4%
Leopard (Panthera pardus)
84%
Animal % Correct
Vulture (Cathartes aura)
81.3%
Hamster (Cricetinae)
81%
Crow (Corvus brachyrhynchos)
79.6%
Walrus (Odobenus rosmarus)
77.1%
Chameleon (Chamaeleonidae)
76.1%
Meerkat (Suricata suricatta)
76.1%
Porcupine (Erethizontidae)
69%
Badger (Taxidea taxus)
58.1%
Quail (Coturnix ypsilophora)
56.4%
Albatross (Diomedeidae)
37.5%
Hornbill (Bucerotidae)
29.1%
Muskrat (Ondatra zibethicus)
6.8%

You're not logged in!

Compare scores with friends on all Sporcle quizzes.
OR
Log In

From the Vault

Last 25 Years: 'M' Movies

by SporcleEXP

A mixture of many marvelous movies.
Remove Ads.
Support Sporcle.
Get the best of Sporcle when you Go Orange. This ad-free experience offers more features, more stats, and more fun while also helping to support Sporcle. Thank you for becoming a member.

Show Comments

Extras

Top Quizzes Today


Score Distribution

Your Account Isn't Verified!

In order to create a playlist on Sporcle, you need to verify the email address you used during registration. Go to your Sporcle Settings to finish the process.

Report this User

Report this user for behavior that violates our Community Guidelines.

Details: